Statistiques concernant La réponse est un oiseau #2

Cliquez ici pour prendre le quiz!

Statistiques générales

  • Ce quiz a été pris 70 fois
  • Le résultat moyen est 8 sur 20

Statistiques - réponses

IndiceRéponse% Correct
Dramaturge français, auteur du CidCorneille
93%
Machine de levage utilisée sur les chantiersGrue
89%
Héroïne bretonne de bande dessinée créée en 1905Bécassine
70%
Qui ne se quittent jamaisInséparables
68%
Dispositif serré autour d'un membre, servant à interrompre la circulation sanguineGarrot
67%
Saut dans l'eau tête la premièrePlongeon
63%
Coagule, en parlant du laitCaille
53%
Désigne péjorativement une femme un peu sotteBécasse
51%
Personne ayant peu de mémoireLinotte
46%
Combattant noble au Moyen AgeChevalier
42%
Bonjour, salutCoucou
37%
Fait peur, terrifieEffraie
23%
Désigne familièrement le nezTarin
23%
Poisson, synonyme de merlu ou lieuColin
19%
Roi dont le pouvoir est faibleRoitelet
19%
Aux environsAutour
18%
Pièce permettant le raccordement d'un appareil de chauffage au conduit de fuméeBuse
12%
Pièce de boeuf située dans l'épaule, utilisée notamment dans le pot-au-feuMacreuse
5%
Sorte de pompon en crin ou en plumes ornant certaines coiffures militairesAigrette
2%
Piège, traquenard, situation épineuseGuêpier
0%

Distribution des résultats

Percentile par nombre de réponses

% des personnes avec chaque résultat

Votre développement - résultats

Vous n’avez pas pris ce quiz